00718nam a2200193 a 450000100100000000500170001000800410002704000250006808200160009324500350010926000360014430000200018049000150020059000750021583000210029004900090031195201870032099900170050700003227520200930063559.0110714s1973 dr 000 0 spa d aDO-SdBNPbspacBNPHU axxxxxbM93500aMovimiento camilista corecato. a[Santo Domingo :bs.n.,c1973]. a63 p. ;c18 cm.1 aDocumentos aPerteneció a la biblioteca personal de Juan Isidro Jimenes Grullón 0aDocumentos91047 aBNPD 0010718PDaPDbPDcCTd2011-07-14iLF1l0oxxxxx M935p32275-10r2020-06-25w2020-06-25yLFPDzPerteneció a la biblioteca personal de Juan Isidro Jimenes GrullónZNo se presta c31766d31766